00726nam a2200169 a 450000500170000000800410001702000180005805000230007610000270009924501200012626000350024630000300028152001540031165000420046565000270050765000220053420140412111406.0070813s19uu xx 00 eng d a0-590-03434-0 aM 398.27bAr4 1964 aCooper, Arkhurst Joyce aThe adventures of spider: West african folktales /cRetold by Joyce Cooper Arkhurst ; Illustrated by Jerry Pinkney. aNew York :bScholastic,c1964. a58p. : col. ill. ; 24 cm. aPresents six tales about spider, including those which explain how he got a thin waist and a bald head and why he lives in ceilings and dark corners. aAnansi (Legendary character)xLegends aFolklore-xAfrica west aSpidersxFolklore